Monolog skryby - Statystyki

Ogólne statystyki
  • Ten quiz został rozwiązany 33 razy
  • Średni wynik to 107 z 149
Statystyki odpowiedzi
Jak to jest być skrybą, dobrze? % Poprawnych
A
100%
a
100%
cenię
100%
co
100%
dobrze
100%
dobrze.
100%
Gdybym
100%
je
100%
kto
100%
którzy
100%
ludzi.
100%
Ludzi,
100%
ludzi
100%
ma
100%
mi
100%
miał
100%
na
100%
najbardziej,
100%
nie
100%
nie,
100%
powiedzieć,
100%
tak,
100%
tak
100%
to
100%
to,
100%
w
100%
że
100%
życiu
100%
życiu.
100%
albo
90%
by
90%
dłoń,
90%
I
90%
i
90%
Ja
90%
ja
90%
kiedy
90%
marchew.
90%
o
90%
podali
90%
pomocną
90%
powiedziałbym,
90%
jak
80%
80%
wie,
80%
byłem
70%
radziłem,
70%
sam.
70%
się
70%
sobie
70%
śpiew,
70%
taniec,
70%
ty
70%
życie.
70%
życie
70%
będę
60%
miłość.
60%
nam
60%
pomaga
60%
pracy
60%
przypadkowe
60%
rzec,
60%
spotkania
60%
właśnie
60%
ale
50%
choćby
50%
Chodzi
50%
dlaczego
50%
dzisiaj
50%
jutro...
50%
które,
50%
które
50%
nasze
50%
oddam
50%
pewne
50%
ponieważ
50%
sadzić...
50%
społecznej
50%
wpływają
50%
znaczy...
50%
znajduje
50%
zrozumienia,
50%
buduję
40%
bywa,
40%
ciekawe,
40%
czerpiesz
40%
dziękuję
40%
Dziękuję
40%
maszyny,
40%
miałem
40%
mnie
40%
nawet
40%
odpowiadam,
40%
pozornie
40%
przykład
40%
pyta
40%
radość?
40%
robisz,
40%
rozwijać.
40%
skąd
40%
szczęście,
40%
uniwersalne,
40%
wartości,
40%
Wielu
40%
wyznaje
40%
Moim
30%
ono
30%
proste,
30%
samo,
30%
sprawia,
30%
umiłowanie
30%
zdaniem
30%
znalazłem.
30%
życia,
30%
mu,
20%
ot,
20%
Nie znaleziono quizów pasujących do podanych kryteriów
Rozkład punktacji
Procent ludzi z każdym wynikiem
Percentyl według liczby udzielonych odpowiedzi
Twoja historia wyników
Nie rozwiązałeś tego quizu